000 00682cam a22002293a 4500
001 29443
003 PGUSA
005 20140828083634.0
008 090718s2009||||xxu|||||s|||||000 | eng d
040 _aPGUSA
_beng
042 _adc
050 4 _aHG
100 1 _aNoble, Henry George Stebbins,
_d1859-
245 1 4 _aThe New York Stock Exchange in the Crisis of 1914
_h[electronic resource] /
_cHenry George Stebbins Noble
260 _bProject Gutenberg,
_c2009
506 _aPublic domain in the USA.
516 _aElectronic text
653 _aNew York Stock Exchange
830 0 _aProject Gutenberg
_v29443
856 4 0 _uhttp://www.gutenberg.org/ebooks/29443
942 _cEB
999 _c258698
_d258698